00000000nam 2200000zi 4500
0019.954688
003CaOODSP
00520250902120448
006m     o  d f      
007cr cn|||||||||
008250902e20241021onc     ob   f000 0 fre d
040 |aCaOODSP|bfre|erda|cCaOODSP
043 |an-cn---
0861 |aRv55-8/8-1-1-2024F-PDF
24500|aApplication du Règlement sur l'importation temporaire de marchandises (numéro tarifaire 9993.00.00).
250 |a[Édition de 21 octobre 2024].
264 1|aOttawa : |bAgence des services frontaliers du Canada = Canada Border Services Agency, |c21 octobre 2024.
300 |a1 ressource en ligne (56 pages non numérotées).
336 |atexte|btxt|2rdacontent/fre
337 |ainformatique|bc|2rdamedia/fre
338 |aressource en ligne|bcr|2rdacarrier/fre
4901 |aMémorandum ; |vD8-1-1
500 |aTitre de départ.
500 |aPublié aussi en anglais sous le titre : Administration of Temporary Importation (Tariff Item No. 9993.00.00) Regulations.
500 |a« Ceci annule le mémorandum D D8-1-1. »
504 |aComprend des références bibliographiques.
520 |a« Le présent mémorandum énonce les conditions aux termes desquelles des marchandises peuvent être importées en franchise de droits en vertu du numéro tarifaire 9993.00.00 de l'annexe du Tarif des douanes. Il décrit aussi les situations où des marchandises importées temporairement peuvent bénéficier d'une exonération intégrale ou partielle de la taxe sur les produits et services/taxe de vente harmonisée (TPS/TVH) » -- Page [1].
650 6|aAdmission temporaire (Tarif douanier)|xDroit|zCanada.
650 6|aImpôt|xExemptions|xDroit|zCanada.
7102 |aAgence des services frontaliers du Canada, |eorganisme de publication.
77508|tAdministration of Temporary Importation (Tariff Item No. 9993.00.00) Regulations.|w(CaOODSP)9.954687
795 |tAdministration du Règlement sur l'importation temporaire de marchandises (numéro tarifaire 9993.00.00).|b[Édition de 1 juin 2020]|w(CaOODSP)9.889147
830#0|aMémorandum (Agence des services frontaliers du Canada)|vD8-1-1.|w(CaOODSP)9.816826
85640|qPDF|s691 Ko|uhttps://publications.gc.ca/collections/collection_2025/asfc-cbsa/Rv55-8-8-1-1-2024-fra.pdf